000
00281nam a22001097a 4500
008
230620b xxu||||| |||| 00| 0 eng d
082
_a
328.
_b
BEN 1951
245
_a
The Theory of Legislation
260
_a
London
_b
Routledge & Kegan Paul Ltd
_c
1951
300
_a
555p
942
_2
ddc
_c
BK
999
_c
1937
_d
1937